| 000 | 01720nam a2200289 a 4500 | ||
|---|---|---|---|
| 001 | BRCA_8517 | ||
| 003 | FranzMayer | ||
| 005 | 20230724113041.0 | ||
| 008 | 190816s1777----sp-#######---#000-0#spa-# | ||
| 040 |
_aMFM _bspa _cMFM |
||
| 041 | _aspa | ||
| 044 | _asp | ||
| 084 |
_aBE22 _b.S47 1777 |
||
| 245 | 1 | 0 |
_aSermones del Padre Carlos Frey de Neuville _ctraducidos del francés por Don Julián Cerón y Pontela. |
| 260 |
_aMadrid _bPor D. Antonio de Sancha _c1777 |
||
| 300 |
_a[12], 331 p. (t.1) _c21 x 15 cm. |
||
| 500 | _aEstado físico : lomo por desprenderse, última hoja rota | ||
| 500 | _aCon marca de fuego : ´Procedencia de la marca: Convento de San Francisco Santa María del Pueblito de Querétaro. Institución: Orden de Frailes Menores. Provincia de San Pedro y San Pablo de Michoacán. Descripción: Monograma conformado por las iniciales ´P´, ´u´, ´E´ seguidas de ´b´, ´I´, ´T´ y ´o´ que se desata como Pueblito (2) dentro de un filete en forma de rombo. Observaciones: Krausse la incluye entre las marcas no identificadas. David Saavedra la identifica como del Convento Franciscano de Santa María del Pueblito, Villa Corregidora de Querétaro. Ubicación de la marca en el libro: Canto inferior y lateral´ | ||
| 600 | 1 | 4 |
_aFrey de Neuville, Charles _d1693-1774 _921364 |
| 650 | 1 | 4 |
_aIglesia católica _xSermones _921286 |
| 650 | 1 | 4 |
_aAño litúrgico _xSermones _921365 |
| 650 | 1 | 4 |
_aSermones _ySiglo XVIII _921366 |
| 700 | 1 |
_aCerón y Pontela, Julián _etr. _921367 |
|
| 856 | _ahttp://www.marcasdefuego.buap.mx:8180/xmLibris/projects/firebrand/item.jsp?repository=marcas_de_fuego&key=marcas_de_fuego_franciscanas_20150618135223_2ccc.xml&num=126 | ||
| 902 | _aCFM | ||
| 942 |
_2lcc _cB |
||
| 999 |
_c8183 _d8183 |
||